LEADER 01181nam0 22002891i 450 001 990004871310403321 005 20230608123612.0 035 $a000487131 100 $a19990604g19661968km-y0itay50------ba 101 0 $aspa 102 $aMX 105 $af-------001yy 200 1 $aObras completas$fManuel Azaña 210 $aMexico$cOasis$d1966-1968 215 $av., tav.$d24 cm 327 0 $a1.: Una politica ; En el poder y en la oposición$a2.: Escritos juveniles ; De historia y politica francesa y espanòla ; Creación literaria ; Critica literaria$a3.: La recuperación del ideal repiblicano ; La guerra de Espana y su significado ; Textos miscelàneos ; Escritor juveniles y cartas familiares ; diarios intimos y cuadernillos de apuntes$a4.: Memorias politicas y de guerra 700 1$aAzaña,$bManuel$0401266 801 0$aIT$bUNINA$gRICA$2UNIMARC 901 $aBK 912 $a990004871310403321 952 $aPX AZ 10 (1)$bIst.f.m.15188$fFLFBC 952 $aPX AZ 10 (2)$bIst.f.m.15188$fFLFBC 952 $aPX AZ 10 (3)$bIst.f.m.15188$fFLFBC 952 $aPX AZ 10 (4)$bIst.f.m.15188$fFLFBC 959 $aFLFBC 996 $aObras completas$9522290 997 $aUNINA LEADER 01709nam 2200529Ia 450 001 9910697101103321 005 20230902161943.0 035 $a(CKB)5470000002383886 035 $a(OCoLC)681411014 035 $a(EXLCZ)995470000002383886 100 $a20101115d2009 ua 0 101 0 $aeng 135 $aurbn||||||||| 181 $ctxt$2rdacontent 182 $cc$2rdamedia 183 $acr$2rdacarrier 200 10$aSynthetic and biomass alternate fueling in aviation$b[electronic resource] /$fR. C. Hendricks, D.M. Bushnell 210 1$aCleveland, Ohio :$cNational Aeronautics and Space Administration, Glenn Research Center,$d[2009] 215 $a1 online resource (3 pages) $cillustrations 225 1 $aNASA TM- ;$v2009-215665 300 $aTitle from title screen (viewed on Nov. 15, 2010). 300 $a"October 2009." 320 $aIncludes bibliographical references (page 3) 410 0$aNASA technical memorandum ;$v215665. 606 $aBiomass$2nasat 606 $aWater resources$2nasat 606 $aEarth resources$2nasat 606 $aRefueling$2nasat 606 $aCompressed air$2nasat 606 $aHazards$2nasat 606 $aHydrogen$2nasat 615 7$aBiomass. 615 7$aWater resources. 615 7$aEarth resources. 615 7$aRefueling. 615 7$aCompressed air. 615 7$aHazards. 615 7$aHydrogen. 700 $aHendricks$b Robert C$01395835 701 $aBushnell$b D. M$01421350 712 02$aNASA Glenn Research Center. 801 0$bGPO 801 1$bGPO 906 $aBOOK 912 $a9910697101103321 996 $aSynthetic and biomass alternate fueling in aviation$93548978 997 $aUNINA LEADER 00921nam0 22002651i 450 001 UON00104579 005 20231205102608.963 100 $a20020107d1947 |0itac50 ba 101 $achi 102 $aCN 105 $a|||| 1|||| 200 1 $aLao She wenji 210 $aShanghai$cChunmin shudian$d1947 215 $a1 v.$d23 cm 606 $aLETTERATURA CINESE$xANTOLOGIE$3UONC017555$2FI 620 $aCN$dShanghai$3UONL000143 686 $aT.C.C$cTesti cinesi - Letteratura$2A 700 0$aLao She$3UONV000695$0636791 712 $aChunmin Shudian$3UONV264385$4650 801 $aIT$bSOL$c20240220$gRICA 899 $aSIBA - SISTEMA BIBLIOTECARIO DI ATENEO$2UONSI 912 $aUON00104579 950 $aSIBA - SISTEMA BIBLIOTECARIO DI ATENEO$dSI T.C. C 024 $eSI MR 31072 5 024 996 $aLao She wenji$91312246 997 $aUNIOR